Score 0/20 Timer 04:00
0 Plays Today
Scrambled Country Country % Correct
TLIAYItaly
96.8%
ATLIAVLatvia
95.4%
RKTEUYTurkey
94.4%
CEGEREGreece
93.1%
SSIAURRussia
93%
MNYGERAGermany
91.8%
NODPALPoland
89.7%
CEFARNFrance
89.6%
GXMOELBUURLuxembourg
89.6%
ALAMTMalta
88.5%
Scrambled Country Country % Correct
INLFDANFinland
87.9%
ABAINALAlbania
87.2%
YUSPRCCyprus
81.7%
SKOOOVKosovo
81.6%
AKDRNEMDenmark
76.7%
ANIKERUUkraine
76.5%
TGLORAPUPortugal
75.8%
RHYNUAGHungary
74.1%
RBIAUGLABulgaria
73.4%
NALRIEDIreland
70.6%

You're not logged in!

Compare scores with friends on all Sporcle quizzes.
OR
Log In

Sporcle TV

Today on Sporcle TV


Watch our educational content, quiz creation guides, and fun videos on Sporcle TV.

Show Comments

Extras

Top Quizzes Today


Score Distribution

Paid Content

Your Account Isn't Verified!

In order to create a playlist on Sporcle, you need to verify the email address you used during registration. Go to your Sporcle Settings to finish the process.

Report this User

Report this user for behavior that violates our Community Guidelines.

Details: